| 000 | 00584nam a22001937a 4500 | ||
|---|---|---|---|
| 003 | OSt | ||
| 005 | 20240501183316.0 | ||
| 008 | 110301s2012 dr 000 0 spa d | ||
| 040 |
_aDO-SdBNP _bspa _cBNPHU |
||
| 082 |
_axxxx _bxxx |
||
| 110 | 2 |
_aUniversidad Nacional Pedro Henríquez Ureña _983980 |
|
| 245 | 0 | 0 | _aReglamento de exámenes, pruebas y sistemas de evaluación / |
| 260 |
_aSanto Domingo : _bUNPHU, _c2012. |
||
| 300 |
_a39 p. : _c22 cm. |
||
| 500 | _amodificacion agosto 2012 - Act. 2014 | ||
| 590 | _aInventariado, 2022/ YL | ||
| 910 | _aYLockward | ||
| 942 |
_2ddc _cLF2 |
||
| 999 |
_c51568 _d51568 |
||